| 000 | 00414nam a2200157Ia 4500 | ||
|---|---|---|---|
| 008 | 210716s1996 xx 000 0 und d | ||
| 020 | _a1557868433 | ||
| 041 | _aeng | ||
| 082 | _a658.15 KOLR | ||
| 100 | _aKolb, Robert W;Rodriguez, Ricardo J. | ||
| 245 | _aFinancial management. | ||
| 250 | _a2 | ||
| 260 |
_aOxford _bBlackwell Publishing _c1996 |
||
| 300 | _axxv,441 | ||
| 650 | _aFinancial Management(658.15) | ||
| 999 |
_c202991 _d202991 |
||